000 00303nam a2200121Ia 4500
008 190216s9999||||xx |||||||||||||| ||und||
100 _aDr.Chandratre K R
245 0 _aHow To Read And Understand Financial Statements
260 _bV M P Publications
300 _a188
650 _aCommerce
942 _cBK
999 _c6712
_d6712